| 000 | 00657cam a22002291 4500 | ||
|---|---|---|---|
| 001 | 7489501 | ||
| 003 | ARRUPE | ||
| 005 | 20170111144946.0 | ||
| 008 | 750609s1960 nyu 000 0 eng | ||
| 010 | _a 60014229 | ||
| 035 | _a(OCoLC)1379781 | ||
| 040 |
_aDLC _cFO _dOCoLC _dDLC |
||
| 041 | 1 | _aengger | |
| 050 | 0 | 0 | _aPT1915.E1 |
| 082 | _a832.6 | ||
| 100 | 1 |
_aGoethe, Johann Wolfgang von, _d1749-1832. _928222 |
|
| 245 | 1 | 0 |
_aEgmont, _bein trauerspiel _cby Goethe, Johann Wolfgang von, |
| 260 |
_aStuttgart _bPhilipp Reclam Jun. _c1961 |
||
| 300 |
_a87p.; _c16cm. |
||
| 906 |
_a7 _bcbc _coclcrpl _du _encip _f19 _gy-gencatlg |
||
| 942 |
_2lcc _cMONOGRAPH |
||
| 999 |
_c125939 _d125939 |
||